06: Addition und Subtraktion bis 20 - Statistiken

Allgemein
  • Dieses Quiz wurde 2.038 mal gespielt
  • Das Durchschnittsergebnis liegt bei 20 aus 20
Antwortstatistiken
Problem Solution % Korrekt
0+0 0
100%
10-10 0
100%
7-7 0
100%
6-6 0
100%
4-4 0
100%
3-3 0
100%
1-1 0
100%
0+1 1
100%
1+0 1
100%
9-8 1
100%
7-6 1
100%
6-5 1
100%
4-3 1
100%
3-2 1
100%
2-1 1
100%
1-0 1
100%
0+10 10
100%
1+9 10
100%
2+8 10
100%
3+7 10
100%
4+6 10
100%
5+5 10
100%
6+4 10
100%
7+3 10
100%
8+2 10
100%
10+0 10
100%
20-10 10
100%
18-8 10
100%
17-7 10
100%
15-5 10
100%
11-1 10
100%
10-0 10
100%
1+10 11
100%
3+8 11
100%
5+6 11
100%
6+5 11
100%
7+4 11
100%
8+3 11
100%
10+1 11
100%
4+8 12
100%
8+4 12
100%
9+3 12
100%
10+2 12
100%
3+10 13
100%
5+8 13
100%
6+7 13
100%
7+6 13
100%
8+5 13
100%
9+4 13
100%
4+10 14
100%
5+9 14
100%
6+8 14
100%
7+7 14
100%
8+6 14
100%
9+5 14
100%
5+10 15
100%
6+9 15
100%
7+8 15
100%
8+7 15
100%
6+10 16
100%
7+9 16
100%
9+7 16
100%
7+10 17
100%
9+8 17
100%
8+10 18
100%
9+9 18
100%
10+8 18
100%
9+10 19
100%
0+2 2
100%
2+0 2
100%
6-4 2
100%
5-3 2
100%
4-2 2
100%
2-0 2
100%
10+10 20
100%
0+3 3
100%
3+0 3
100%
13-10 3
100%
11-8 3
100%
10-7 3
100%
7-4 3
100%
5-2 3
100%
4-1 3
100%
3-0 3
100%
1+3 4
100%
3+1 4
100%
4+0 4
100%
14-10 4
100%
10-6 4
100%
9-5 4
100%
8-4 4
100%
7-3 4
100%
6-2 4
100%
5-1 4
100%
4-0 4
100%
0+5 5
100%
1+4 5
100%
2+3 5
100%
5+0 5
100%
15-10 5
100%
14-9 5
100%
13-8 5
100%
12-7 5
100%
9-4 5
100%
6-1 5
100%
5-0 5
100%
0+6 6
100%
3+3 6
100%
4+2 6
100%
5+1 6
100%
6+0 6
100%
15-9 6
100%
14-8 6
100%
13-7 6
100%
12-6 6
100%
11-5 6
100%
10-4 6
100%
6-0 6
100%
1+6 7
100%
2+5 7
100%
5+2 7
100%
6+1 7
100%
17-10 7
100%
15-8 7
100%
14-7 7
100%
13-6 7
100%
12-5 7
100%
11-4 7
100%
10-3 7
100%
9-2 7
100%
8-1 7
100%
1+7 8
100%
5+3 8
100%
6+2 8
100%
17-9 8
100%
16-8 8
100%
15-7 8
100%
11-3 8
100%
8-0 8
100%
1+8 9
100%
2+7 9
100%
4+5 9
100%
6+3 9
100%
7+2 9
100%
8+1 9
100%
18-9 9
100%
17-8 9
100%
16-7 9
100%
15-6 9
100%
14-5 9
100%
13-4 9
100%
12-3 9
100%
11-2 9
100%
10-1 9
100%
9-0 9
100%
8-8 0
98%
2-2 0
98%
10-9 1
98%
8-7 1
98%
5-4 1
98%
9+1 10
98%
16-6 10
98%
12-2 10
98%
4+7 11
98%
3+9 12
98%
7+5 12
98%
10+4 14
98%
10+5 15
98%
8+8 16
98%
10+7 17
98%
12-10 2
98%
11-9 2
98%
9-7 2
98%
3-1 2
98%
1+2 3
98%
2+1 3
98%
9-6 3
98%
8-5 3
98%
2+2 4
98%
13-9 4
98%
11-7 4
98%
3+2 5
98%
4+1 5
98%
8-3 5
98%
16-10 6
98%
8-2 6
98%
7-1 6
98%
3+4 7
98%
4+3 7
98%
7+0 7
98%
16-9 7
98%
7-0 7
98%
3+5 8
98%
7+1 8
98%
8+0 8
98%
14-6 8
98%
13-5 8
98%
3+6 9
98%
5-5 0
97%
11-10 1
97%
19-9 10
97%
2+9 11
97%
9+2 11
97%
2+10 12
97%
5+7 12
97%
6+6 12
97%
4+9 13
97%
9+6 15
97%
10+6 16
97%
1+1 2
97%
8-6 2
97%
0+4 4
97%
11-6 5
97%
1+5 6
97%
2+4 6
97%
0+7 7
97%
0+8 8
97%
2+6 8
97%
18-10 8
97%
9-1 8
97%
0+9 9
97%
9+0 9
97%
0-0 0
96%
13-3 10
96%
10+9 19
96%
10-8 2
96%
7-5 2
96%
12-9 3
96%
7-2 5
96%
9-3 6
96%
4+4 8
96%
12-4 8
96%
10-2 8
96%
19-10 9
96%
14-4 10
95%
10+3 13
95%
6-3 3
95%
12-8 4
95%
10-5 5
95%
5+4 9
95%
8+9 17
94%
9-9 0
91%
Keine übereinstimmenden Quizze gefunden
Verteilung der Resultate
Anzahl Personen mit jedem Resultat
Perzentil nach korrekt beantworteten Fragen
Ihre Resultats-Entwicklung
Sie haben dieses Quiz noch nicht gespielt